书目信息 |
| 题名: |
中國灾害通史
|
|
| 作者: | 袁祖亮 主编 ;和付强 著 | |
| 分册: | 元代卷 | |
| 出版信息: | 郑州 郑州大学出版社 2009.05 |
|
| 页数: | 10, 689页 | |
| 开本: | 23cm | |
| 丛书名: | ||
| 单 册: | ||
| 中图分类: | X432.092 | |
| 科图分类: | ||
| 主题词: | 自然灾害--zi ran zai hai--历史--中国--元代 | |
| 电子资源: | ||
| ISBN: | 978-7-81106-502-2 | |
| 000 | 00985nam0 2200277 450 | |
| 001 | 012009719444 | |
| 005 | 20090624082026.45 | |
| 010 | @a978-7-81106-502-2@b精装@dCNY163.00 | |
| 100 | @a20090624d2009 em y0chi0120 ea | |
| 101 | 0 | @achi |
| 102 | @aCN@b410000 | |
| 105 | @ak a 000yy | |
| 106 | @ar | |
| 200 | 1 | @a中國灾害通史@Azhong guo zai hai tong shi@i元代卷@f袁祖亮主编@Fyuan zu liang zhu bian@g和付强著@Ghe fu qiang zhu |
| 210 | @a郑州@c郑州大学出版社@d2009.05 | |
| 215 | @a10, 689页@d23cm | |
| 300 | @a中国古代史国家重点(培育)学科资助出版 | |
| 320 | @a有书目 (第676-683页) | |
| 330 | @a本书主要内容包括:元代灾害总述,元代灾害分论,元代防灾救灾,元代的灾害思想,元代灾害年表。 | |
| 518 | 1 | @a中国灾害通史@Azhong guo zai hai tong shi |
| 606 | 0 | @a自然灾害@Azi ran zai hai@x历史@y中国@z元代 |
| 690 | @aX432.092@v4 | |
| 701 | 0 | @a袁祖亮@Ayuan zu liang@4主编 |
| 702 | 0 | @a和付强@Ahe fu qiang@4著 |
| 801 | 0 | @aCN@bQSSK@c20090624 |
| 905 | @b748744@dX432.092@eY923@f1 | |
| 中國灾害通史.元代卷/袁祖亮主编/和付强著.-郑州:郑州大学出版社,2009.05 |
| 10, 689页;23cm |
| 中国古代史国家重点(培育)学科资助出版 |
| ISBN 978-7-81106-502-2(精装):CNY163.00 |
| 本书主要内容包括:元代灾害总述,元代灾害分论,元代防灾救灾,元代的灾害思想,元代灾害年表。 |
| ● |
| 相关链接 |
|
|
|
正题名:中國灾害通史
索取号:X432.092/Y923
 
预约/预借
| 序号 | 登录号 | 条形码 | 馆藏地/架位号 | 状态 | 备注 |
| 1 | 748744 | 207487441 | 自科库501/501自科库 67排7列4层/ [索取号:X432.092/Y923] | 在馆 |